LEADER 01083nam2-2200373---450- 001 990002818810203316 005 20061013132133.0 035 $a000281881 035 $aUSA01000281881 035 $a(ALEPH)000281881USA01 035 $a000281881 100 $a20060926d1980----km-y0itay50------ba 101 $agrc 102 $aGR 105 $aa---||||001yy 200 1 $a<<1.1>> : Proistorikoi kai archaioi chronoi 210 $aAthena$c[s.n.]$d1980 215 $a400 p., 105 p. di tav.$cill.$d24 cm 410 0$12001 454 1$12001 461 1$1001000281875$12001 607 $aCreta $xCivilta$ycongressi$z1976 676 $a939.1 710 02$aDiethnes kretologiko synedrio <4. ; 1976 ; Erakleio>$0594865 801 0$aIT$bsalbc$gISBD 912 $a990002818810203316 951 $aI AP KS 4/1a$b3063 DBC$cI AP 959 $aBK 969 $aDBC 979 $aDBC$b90$c20060926$lUSA01$h1022 979 $aDBC$b90$c20060926$lUSA01$h1027 979 $aDBC$b90$c20061013$lUSA01$h1321 996 $aProistorikoi kai archaioi chronoi$9994672 997 $aUNISA LEADER 00944nam--2200337---450 001 990002178110203316 005 20210712150103.0 035 $a000217811 035 $aUSA01000217811 035 $a(ALEPH)000217811USA01 035 $a000217811 100 $a20041116h1984----km-y0itay0103----ba 101 0 $ager 102 $aDE 105 $aa|||||||001yy 200 1 $a<> Kultur der Wilhelminischen Zeit$eTopographie einer Epoche$fHermann Glaser 210 $aFrankfurt am Main$cS. Fischer$d1984 215 $a351 p.$cill.$d29 cm 410 0$12001 454 1$12001 461 1$1001-------$12001 606 0 $aGermania$xCultura$z1888-1918 676 $a943.084 700 1$aGLASER,$bHermann$0131775 801 0$aIT$bsalbc$gISBD 912 $a990002178110203316 951 $aX.3.B. 2626 (IL t V 4)$b12939 E.C.$cIL t V 959 $aBK 969 $aUMA 996 $aKultur der Wilhelminischen Zeit$91033731 997 $aUNISA LEADER 02236nam0 22004813i 450 001 VAN0248568 005 20230529095738.147 017 70$2N$a9783030378530 100 $a20220726d2020 |0itac50 ba 101 $aeng 102 $aCH 105 $a|||| ||||| 200 1 $aˆA ‰Project-Based Guide to Undergraduate Research in Mathematics$eStarting and Sustaining Accessible Undergraduate Research$fPamela E. Harris, Erik Insko, Aaron Wootton editors 210 $aCham$cBirkhäuser$cSpringer$d2020 215 $axi, 323 p.$cill.$d24 cm 410 1$1001VAN0124345$12001 $aFoundations for Undergraduate Research in Mathematics$1210 $aCham$cBirkhäuser 500 1$3VAN0248570$aˆA ‰Project-Based Guide to Undergraduate Research in Mathematics$92983609 606 $a92Bxx$xMathematical biology in general [MSC 2020]$3VANC021467$2MF 606 $a00A05$xMathematics in general [MSC 2020]$3VANC021796$2MF 606 $a05Cxx$xGraph theory [MSC 2020]$3VANC022400$2MF 606 $a14Txx$xTropical geometry [MSC 2020]$3VANC029005$2MF 610 $aCombinatorics$9KW:K 610 $aMathematical epidemiology$9KW:K 610 $aNumerical Semigroups$9KW:K 610 $aPhylogenetic networks$9KW:K 610 $aSquigonometry$9KW:K 610 $aTilings$9KW:K 610 $aTropical Geometry$9KW:K 610 $aUndergraduate research in mathematics$9KW:K 620 $aCH$dCham$3VANL001889 702 1$aHarris$bPamela E.$3VANV203465 702 1$aInsko$bErik$3VANV203466 702 1$aWootton$bAaron$3VANV095781 712 $aBirkhäuser $3VANV108193$4650 712 $aSpringer $3VANV108073$4650 801 $aIT$bSOL$c20240614$gRICA 856 4 $uhttp://doi.org/10.1007/978-3-030-37853-0$zE-book ? Accesso al full-text attraverso riconoscimento IP di Ateneo, proxy e/o Shibboleth 899 $aBIBLIOTECA DEL DIPARTIMENTO DI MATEMATICA E FISICA$1IT-CE0120$2VAN08 912 $fN 912 $aVAN0248568 950 $aBIBLIOTECA DEL DIPARTIMENTO DI MATEMATICA E FISICA$d08CONS e-book $e08eMF4527 20220726 996 $aProject-Based Guide to Undergraduate Research in Mathematics$92983609 997 $aUNICAMPANIA